000 00482nam a2200181Ia 4500
005 20250326123544.0
008 250326s9999 xx 000 0 und d
037 _aTextbook
040 _aFMSL
_beng
_cFMSL
041 _aeng
_2eng
084 _aB28 K7
_qFMSL
100 _aMaxwell A E
_9496799
245 0 _aAnalysing qualitative data
_cMaxwell A E
260 _aLondon
_bLondon, Methuen
_c1967
300 _a159p
942 _cTB
_hB28 K7
999 _c1269900
_d1269900